000 00655nam a22002177a 4500
005 20180620141931.0
020 _a8176295981
_c990.00
035 _aB-159493
037 _bBPPD/PUB
082 _a658.4012
100 _aSarkar, A.N.
245 _aStrategic Business Management And Banking /
_cby A.N. Sarkar and S.B. Mujumdar
260 _aNew Delhi
_bDeep and Deep Publications Pvt. Ltd
_c2005
270 _aF-159, Rajouri Garden
_bNew Delhi
_e110027
300 _axxxv, 364p.:
_c25cm(Hb)
500 _aIncludes index
650 _a
700 _aS.B. Mujumdar
760 _bBloom, Harold
942 _2ddc
_cEN
_mSAR
_h658.4012
999 _c152868
_d152868